000257219 001__ 257219 000257219 005__ 20260412040123.0 000257219 0247_ $$aG:(GEPRIS)582685021$$d582685021 000257219 035__ $$aG:(GEPRIS)582685021 000257219 040__ $$aGEPRIS$$chttp://gepris.its.kfa-juelich.de 000257219 150__ $$aSuperauflösung-Einzelmolekül-Lokalisierung-Mikroskop (Erneuerung)$$y2026 - 000257219 371__ $$aDr. Antonio Virgilio Failla 000257219 450__ $$aDFG project G:(GEPRIS)582685021$$wd$$y2026 - 000257219 5101_ $$0I:(DE-588b)2007744-0$$aDeutsche Forschungsgemeinschaft$$bDFG 000257219 680__ $$a 000257219 909CO $$ooai:juser.fz-juelich.de:1056120$$pauthority:GRANT$$pauthority 000257219 909CO $$ooai:juser.fz-juelich.de:1056120 000257219 980__ $$aG 000257219 980__ $$aAUTHORITY
